000 00539pab a2200193 454500
008 180718b2008 xxu||||| |||| 00| 0 eng d
100 _aHao, Lingxin
245 _aThe role of school in the upward mobility of disadvantaged immigrants' children
260 _c2008
300 _ap.62-89.
362 _aNov
650 _aSchools
650 _aImmigrants
650 _aDisadvantaged children
700 _aPong, Suet-Ling
773 _aAnnals of the American Academy of Political and Social Science
908 _aN
909 _a80488
999 _c80488
_d80488